Giáo trình thống kê doanh nghiệp.

Đã lưu trong:
Chi tiết về thư mục
Định dạng: Sách
Ngôn ngữ:Vietnamese
Được phát hành: Xây dựng 2001
Các nhãn: Thêm thẻ
Không có thẻ, Là người đầu tiên thẻ bản ghi này!
Thư viện lưu trữ: Mạng thư viện Đại học Đà Nẵng
LEADER 00578nam a2200241 4500
001 000020458
003 16904
005 20150319140356.0
008 150319s2001 viesd
020 |c 16000 
041 0 |a vie 
082 1 4 |a 338.60212  |b Gi-T 
245 1 0 |a Giáo trình thống kê doanh nghiệp. 
260 |b Xây dựng  |c 2001 
300 |a tr.  |c cm. 
OWN |a LSP 
999 |a From the UDN01 
TYP |a Monograph 
TYP |a Printed language 
980 |a Mạng thư viện Đại học Đà Nẵng